000 00404nam a2200145Ia 4500
008 211109s9999||||xx |||||||||||||| ||und||
082 _a894.8121
_bCHA-I
100 _aChacko, Chemmanam
245 0 _aInnu
260 _bNational Book Stall
_aKottayam
_c1969
300 _a67p
630 _xGeneral Stack
650 _aLiterature
_vmalayalam literatureMalayalam PoetryLiterature
_xMalayalam
942 _cBOOK
999 _c34011
_d34011